[Event "Tata Steel Tienkampen 2023"]
[Site "Wijk aan Zee"]
[Date "2023.01.24"]
[Round "5.1"]
[White "Zwirs, Nico"]
[Black "De Winter, Arthur"]
[Result "0-1"]
[WhiteElo "2467"]
[BlackElo "2371"]
[Annotator "TA"]
[PlyCount "150"]
[EventDate "2023.01.20"]
[EventType "swiss"]
[EventCountry "NED"]
[SourceTitle "playchess.com"]
[Source "ChessBase"]
[SourceQuality "1"]

{[%evp 20,150,8,21,18,24,37,35,35,29,29,-3,39,35,58,30,61,32,41,20,39,41,28,24,28,17,120,-5,0,-10,-10,-12,-6,-10,22,0,27,0,-11,-86,-86,-88,-85,-84,-57,-110,-85,-91,-81,-95,-96,-109,-100,-124,-110,-119,-112,-102,-106,-120,-117,-118,-122,-141,-141,-225,-123,-122,-45,-38,0,-229,-240,-214,-175,-299,-293,-257,-169,-411,-299,-275,-275,-266,-107,-398,-396,-361,-299,-299,-299,-788,-159,-159,-159,-159,-159,-159,-159,-159,-159,-159,-159,-159,-159,-159,-159,-160,-166,-166,-159,-159,-159,-159,0,-159,-159,-166,-166,-166,-166,-378,-318,-1062,-345,-329,-159,-159,-159,-972,-1090,-29983,-29984]} 1. e4 {[%emt 0:00:01]} c5 {[%emt 0:00:04]} 2. Nf3 {[%emt 0:00:03]} d6 {[%emt 0:00:02]} 3. d4 {[%emt 0:00:04]} cxd4 {[%emt 0:00:02]} 4. Nxd4 {[%emt 0:00:08]} Nf6 {[%emt 0:00:03]} 5. Nc3 {[%emt 0:00:07]} a6 {[%emt 0:00:02]} 6. Be3 {[%emt 0:01:14]} e5 {[%emt 0:00:06]} 7. Nb3 {[%emt 0:00:05]} Be7 {[%emt 0:00:04]} 8. f3 {[%emt 0:00:25]} Be6 {[%emt 0:00:03]} 9. Qd2 {[%emt 0:00:20]} h5 {[%emt 0:00:03]} 10. Nd5 {[%emt 0:00:39]} Nxd5 {[%emt 0:01:58]} 11. exd5 {[%emt 0:00:52]} Bf5 {[%emt 0:00:03] B90: Sicilian Najdorf: Unusual White 6th moves, 6 Be3 Ng4 and 6 Be3 e5.} 12. Be2 {[%emt 0:00:24]} Nd7 {[%emt 0:00:16]} 13. O-O {[%emt 0:00:51]} O-O {[%emt 0:00:15] White is slightly better.} 14. Na5 {[%emt 0:05:04]} Qc8 {[%emt 0:14:24] [#]} 15. b4 $146 {[%emt 0:16:22]} ({Predecessor:} 15. c4 Bd8 16. Rac1 Re8 17. Kh1 Nc5 18. Nb3 Bb6 19. Nxc5 Bxc5 20. b4 Bxe3 21. Qxe3 {1-0 Robson,R (2673)-Giri,A (2763) PRO League KO Stage rapid 2020 (2)}) 15... h4 {[%emt 0:08:47]} (15... Bxc2 $2 16. Rac1 $18) 16. Rac1 {[%emt 0:10:46]} Bd8 {[%emt 0:14:54]} 17. Nb3 {[%emt 0:20:39]} e4 {[%emt 0:10:12]} 18. fxe4 {[%emt 0:11:25]} (18. Nd4 $5 {[%cal Rd4f5]} Ne5 19. c4 $14) 18... Bxe4 {[%emt 0:00:07][%cal Oh4h3]} 19. h3 {[%emt 0:00:16]} (19. Bd4 {with more complications.} Ne5 20. Bxe5 dxe5 21. c4) 19... b5 {[%emt 0:06:06]} 20. c4 {[%emt 0:13:19]} Qb7 {[%emt 0:02:48]} 21. Bf4 {[%emt 0:10:02]} bxc4 {[%emt 0:15:24]} 22. Bxc4 {[%emt 0:00:02]} Bb6+ {[%emt 0:01:02]} (22... Re8 $11) 23. Kh1 {[%emt 0:01:57]} (23. Kh2 $1 $16) 23... Rfe8 $1 $11 {[%emt 0:00:53]} 24. Na5 {[%emt 0:06:05]} ({Don't play} 24. Bxd6 Be3 25. Qc3 Bxc1 26. Qxc1 Rac8 $17) 24... Bxa5 {[%emt 0:00:25]} 25. bxa5 Ne5 {[%emt 0:09:26][%cal Bd7e5,Be5g6,Bg6f4][%mdl 32]} 26. Bb3 {[%emt 0:00:42]} Qb5 {[%emt 0:03:29] Prevents Ba4} 27. Bg5 {[%emt 0:07:54]} Ng6 {[%emt 0:04:21]} 28. Rfe1 {[%emt 0:01:10]} Re5 {[%emt 0:01:38]} 29. Bf4 {[%emt 0:03:00]} (29. Kg1 $11) 29... Nxf4 $17 {[%emt 0:02:15]} 30. Qxf4 Bxd5 {[%emt 0:04:20] Black is more active.} 31. Bxd5 {[%emt 0:00:30]} Qxd5 {[%emt 0:02:13]} (31... Rxe1+ {simplifies} 32. Rxe1 Qxd5 33. Qxh4 Qxa5 34. Qf2 Qc5) 32. Red1 {[%emt 0:00:25]} ({Better is} 32. Rxe5 $15 dxe5 33. Qxh4) 32... Qxa2 {[%emt 0:02:01]} 33. Rxd6 {[%emt 0:00:12]} Qxa5 {[%emt 0:00:36]} 34. Qxh4 {[%emt 0:00:07]} Rae8 {[%emt 0:01:59]} 35. Rdd1 {[%emt 0:02:00] Repels Re1+} Qb6 {[%emt 0:02:46]} 36. Qg4 {[%emt 0:00:28]} Qb7 {[%emt 0:02:56]} 37. Rb1 {[%emt 0:00:38]} Rb5 {[%emt 0:00:13]} 38. Rbc1 {[%emt 0:00:28]} Rd5 {[%emt 0:01:18] Prevents Rd7} 39. Rxd5 {[%emt 0:00:34]} Qxd5 {[%emt 0:00:04][%mdl 4096] Endgame KQR-KQR} 40. Qa4 {[%emt 0:00:22][%csl LRa6,LRe8]} Qb5 {[%emt 0:01:48]} (40... Re2 $2 41. Rc8+ Kh7 42. Qh4+ (42. Qxa6 $2 Qxg2#) 42... Kg6 43. Qg4+ Kh7 44. Qxe2 $18) 41. Qd4 {[%emt 0:08:01]} a5 {[%emt 0:02:05]} 42. Rc7 {[%emt 0:16:07]} (42. Qf4 $17 {was called for.}) 42... Ra8 {[%emt 0:14:34]} (42... a4 $19 {...a3 is the strong threat.} 43. Rc3 Qb2) 43. Qe4 {[%emt 0:02:49]} Qb8 {[%emt 0:01:10]} (43... Rd8 $17 44. Kh2 Re8) 44. Rb7 {[%emt 0:10:45]} Qf8 {[%emt 0:02:38]} (44... Qc8 {seems wilder.} 45. Qf3 Qc1+ 46. Kh2 Rf8) 45. Rd7 $2 {[%emt 0:03:22]} (45. Rxf7 $1 $11 Kxf7 46. Qc4+ Kg6 47. Qg4+ Kf7 48. Qf5+ Ke8 49. Qb5+ Kd8 50. Qd5+ Kc7 51. Qc4+ Kd7 52. Qa4+ Ke7 53. Qa3+ Kf7 54. Qf3+ Kg6 55. Qg4+ Kh6 56. Qh4+ Kg6 57. Qg4+) 45... Rd8 $1 $19 {[%emt 0:05:13]} 46. Rxd8 {[%emt 0:01:47]} Qxd8 {[%emt 0:00:04] KQ-KQ} 47. Qc6 {[%emt 0:00:02]} (47. h4 $142) 47... Qb8 {[%emt 0:02:46]} 48. Qa6 {[%emt 0:00:28]} Qe5 {[%emt 0:00:29]} 49. Qc6 {[%emt 0:01:04]} (49. Qa8+ {only move.} Kh7 50. Qf3) 49... Qa1+ {[%emt 0:01:04]} 50. Kh2 {[#]} g6 $1 {[%emt 0:00:07]} 51. h4 {[%emt 0:00:13]} a4 {[%emt 0:00:51]} (51... Qe5+ $19 {is more deadly.} 52. g3 Qb2+ 53. Kh3 Qa2) 52. h5 $2 {[%emt 0:01:05][%mdl 8192]} Qe5+ {[%emt 0:01:13]} ({Inferior is} 52... gxh5 53. Qd5 $17) 53. Kg1 Qd4+ {[%emt 0:01:07]} ({Not} 53... gxh5 54. Qxa4 Kf8 55. Qb4+ Kg7 56. Qc4 $17) 54. Kh2 {[%emt 0:00:53]} gxh5 {[%emt 0:00:15]} 55. Qb5 $2 {[%emt 0:00:10]} (55. Kh1) 55... Qg4 $2 {[%emt 0:06:05]} (55... Qd6+ $19 56. Kh1 a3) 56. Qe8+ {[%emt 0:00:24]} Kg7 {[%emt 0:00:06] Hoping for ...Qf4+.} 57. Qe5+ {[%emt 0:00:14]} Kg6 {[%emt 0:00:17] Strongly threatening ...h4.} 58. Qd6+ {[%emt 0:00:41]} f6 {[%emt 0:00:05]} 59. Qd3+ {[%emt 0:00:41]} Qf5 {[%emt 0:00:31]} 60. Qg3+ {[%emt 0:00:14]} Qg5 {[%emt 0:00:13]} 61. Qd3+ {[%emt 0:00:19] [#]} Kh6 $1 {[%emt 0:00:05] And now ...Qe5+ would win.} 62. Qa3 {[%emt 0:00:28]} Qf4+ {[%emt 0:00:40]} 63. Kh1 {[%emt 0:01:05]} Qh4+ {[%emt 0:04:25]} 64. Kg1 {[%emt 0:00:01]} Qd4+ {[%emt 0:00:05]} 65. Kh1 {[%emt 0:00:37]} Kg5 {[%emt 0:00:23]} 66. Qg3+ {[%emt 0:00:17]} Kh6 $2 {[%emt 0:01:45]} ({Black should play} 66... Qg4 $17 67. Qe3+ Qf4) 67. Qg8 $2 {[%emt 0:01:28]} (67. Qa3 $11 Qd1+ 68. Kh2) 67... h4 {[%emt 0:00:50]} 68. Qf8+ {[%emt 0:00:36]} Kg5 {[%emt 0:00:06]} 69. Qg8+ {[%emt 0:00:42]} Kf4 {[%emt 0:00:25][%cal Oh4h3] White must now prevent ...h3!} 70. Qb8+ $2 {[%emt 0:00:21]} (70. Qc8 {was worth a try.}) 70... Ke3 {[%emt 0:00:17]} 71. Qb7 $2 {[%emt 0:00:34]} (71. Qb1) 71... Kd2 {[%emt 0:00:25]} 72. Qb1 {[%emt 0:00:14]} Qc3 {[%emt 0:03:08]} (72... a3 $19 {and Black stays clearly on top. ( -> ...Qb2)} 73. Qa2+ Qb2 74. Qd5+ Kc1 75. Qc4+ Kb1 76. Qe4+ Ka1 77. Qxh4 a2) 73. Qa2+ $17 {[%emt 0:00:14]} Qc2 {[%emt 0:00:02]} 74. Qd5+ $2 {[%emt 0:00:07]} (74. Qe6 $17) 74... Kc1 $19 {[%emt 0:00:10][%cal Oh4h3]} 75. Qa5 {[%emt 0:00:33] [#]} h3 $1 {[%emt 0:01:50] Weighted Error Value: White=0.44/Black=0.31} 0-1

[Event "Tata Steel Tienkampen 2023"]
[Site "Wijk aan Zee"]
[Date "2023.01.24"]
[Round "5.2"]
[White "Beukema, Stefan"]
[Black "Van Dael, Siem"]
[Result "1/2-1/2"]
[WhiteElo "2411"]
[BlackElo "2291"]
[Annotator "TA"]
[PlyCount "284"]
[EventDate "2023.01.20"]
[EventType "swiss"]
[EventCountry "NED"]
[SourceTitle "playchess.com"]
[Source "ChessBase"]
[SourceQuality "1"]

{[%evp 25,284,0,9,0,28,0,0,0,0,0,0,0,0,0,11,0,33,21,77,60,85,50,36,0,0,0,0,0,0,0,0,0,0,0,0,0,0,-249,-235,-241,-227,-229,-17,-145,0,0,0,0,0,0,0,0,0,-75,-75,-181,-127,-134,-38,-141,-38,-38,-38,-38,-38,-38,-39,-43,-23,-23,-23,-23,-23,-23,-23,-23,-23,-23,-23,-26,-26,-26,-27,-86,-37,-37,-38,-12840,-12840,-12841,-12841,-12841,-86,-86,-86,-86,-86,-86,-86,-86,-86,-86,-86,-86,-86,-86,-86,-86,-86,-86,0,0,0,0,0,0,0,0,0,0,0,0,0,0,0,0,0,0,0,0,0,0,0,0,0,0,0,0,0,0,0,0,0,0,0,0,0,0,0,0,0,0,0,0,0,0,0,0,0,0,0,0,0,0,0,0,0,0,0,0,0,0,0,0,0,0,0,0,0,0,0,0,0,0,0,0,0,-45,-37,-45,-52,-52,-52,-52,0,0,0,0,0,0,0,0,0,0,0,0,0,0,0,0,0,0,0,0,0,0,0,0,0,0,0,0,0,0,0,0,0,0,0,0,0,0,0,0,0,0,0,0,0,0,0,0,0,0,0,0,0,0,0,0,0,0,0,0,0,0,0,0,0,0,0]} 1. e4 {[%emt 0:00:03]} c5 {[%emt 0:00:37]} 2. Nf3 {[%emt 0:00:07]} d6 {[%emt 0:00:05]} 3. d4 {[%emt 0:00:05]} cxd4 {[%emt 0:00:04]} 4. Nxd4 {[%emt 0:00:06]} Nf6 {[%emt 0:00:05]} 5. Nc3 {[%emt 0:00:05]} a6 {[%emt 0:00:05]} 6. h3 {[%emt 0:00:04]} e5 {[%emt 0:00:40]} 7. Nde2 {[%emt 0:00:13]} h5 {[%emt 0:00:06]} 8. g3 {[%emt 0:02:13]} Be7 {[%emt 0:00:23]} 9. Bg2 {[%emt 0:00:08]} b5 {[%emt 0:00:07]} 10. Bg5 {[%emt 0:05:01]} Nbd7 {[%emt 0:08:23]} 11. a3 {[%emt 0:11:17]} Bb7 {[%emt 0:04:33]} 12. O-O {[%emt 0:00:28]} O-O {[%emt 0:01:43]} 13. Nc1 {[%emt 0:02:30]} Rc8 {[%emt 0:01:19]} 14. Re1 {[%emt 0:01:20]} g6 {[%emt 0:06:08]} 15. Nd3 {[%emt 0:08:00]} Rc4 {[%emt 0:04:20]} 16. Qd2 {[%emt 0:06:32]} Qa8 {[%emt 0:03:52]} 17. f3 {[%emt 0:07:32]} Rfc8 {[%emt 0:02:09]} 18. h4 {[%emt 0:00:30]} Bd8 {[%emt 0:02:21]} 19. Bh3 {[%emt 0:02:42]} Bb6+ {[%emt 0:01:44]} 20. Kh2 {[%emt 0:01:06]} R8c7 {[%emt 0:36:54]} 21. Rac1 {[%emt 0:15:56]} Qa7 {[%emt 0:28:16]} (21... Qf8 $11) 22. Nd1 $16 {[%emt 0:04:53]} a5 {[%emt 0:04:49]} 23. b3 {[%emt 0:05:08]} R4c6 {[%emt 0:00:31]} 24. N3b2 {[%emt 0:00:09]} Bd4 {[%emt 0:02:44]} 25. c3 {[%emt 0:01:09]} b4 {[%emt 0:00:11]} 26. axb4 {[%emt 0:00:04]} axb4 {[%emt 0:00:03]} 27. Nc4 {[%emt 0:00:05]} bxc3 {[%emt 0:01:05]} 28. Nxc3 {[%emt 0:00:04]} Ba6 {[%emt 0:00:42]} 29. Nd5 {[%emt 0:01:20]} Nxd5 {[%emt 0:00:31]} 30. exd5 {[%emt 0:00:06]} Rc5 {[%emt 0:00:18]} 31. Nxd6 $2 {[%emt 0:09:35]} (31. Bd8 $11 {and White is okay.}) 31... Bc3 $1 $19 {[%emt 0:00:21]} 32. Rxc3 {[%emt 0:04:38]} Rxc3 {[%emt 0:00:01]} 33. Nc4 {[%emt 0:00:02]} (33. Bxd7 $2 Rc2 34. Ne4 Rxd2+ 35. Bxd2 Rxd7 $19) 33... Rxf3 $2 {[%emt 0:01:16]} (33... Rxb3 34. Nxe5 Nxe5 35. Rxe5) (33... Bxc4 $19 34. Qxc3 Bd3 35. Qxd3 Qf2+ 36. Bg2 Qxe1) 34. Be3 {[%emt 0:01:33]} (34. Re3 $1 $11 Rxe3 35. Bxe3) 34... Qb7 {[%emt 0:00:31]} (34... Qb8 $1 $17 {[%cal Rb8b3]} 35. Bg2 Rf6) 35. d6 $11 {[%emt 0:00:13]} Rc8 {[%emt 0:00:29]} 36. Bxd7 {[%emt 0:02:12]} Qxd7 {[%emt 0:00:12]} 37. Nxe5 {[%emt 0:00:13]} Qf5 {[%emt 0:00:26]} 38. d7 $1 {[%emt 0:00:06]} (38. Nxf3 $2 Rc2 39. Bf4 Rxd2+ 40. Nxd2 Bb5 $19) 38... Qxe5 {[%emt 0:00:46]} 39. Bf2 {[%emt 0:02:49]} (39. Bf4 Qc5 40. dxc8=Q+ (40. d8=B Rf2+ 41. Kg1 Rxd2+ {[%mdl 64] Discovered Attack} 42. Be3 Qxe3+ {[%mdl 64] Deflection, Back Rank} 43. Rxe3 Rc1+) (40. Re8+ $2 Kh7 $19) 40... Qxc8 $17) (39. dxc8=R+ $11 Bxc8 40. Bf4) 39... Qf5 $17 {[%emt 0:00:36]} (39... Rxf2+ $2 40. Qxf2 Qb8 41. dxc8=N Qxc8 42. Re7 $18) 40. Kg1 {[%emt 0:01:57]} (40. dxc8=Q+ $17 Bxc8 41. Re8+ Kh7 42. Kg1) 40... Kh7 $1 $19 {[%emt 0:00:35]} (40... Rxb3 41. Re8+ (41. d8=B $2 Bb7 $19) 41... Kh7 42. dxc8=R (42. Rxc8 Rb1+ 43. Be1 Qe5 $11) 42... Bxc8 43. Qd4 Rb1+ 44. Be1 Rxe1+ 45. Rxe1 $14) 41. dxc8=Q Bxc8 (41... Qxc8 $17 42. Re3 Rf5) 42. Qb2 {[%emt 0:11:08]} (42. Re3 $15) 42... Be6 {[%emt 0:03:43]} (42... Qd7 $1 $17 {Strongly threatening ...Bb7.} 43. Qe5 Qh3) 43. Re3 $1 $15 {[%emt 0:04:23]} Rxe3 {[%emt 0:04:31]} 44. Bxe3 {[%emt 0:00:04]} Qf3 {[%emt 0:00:23]} 45. Bf4 {[%emt 0:05:07]} Bd5 {[%emt 0:01:27]} 46. Qd2 {[%emt 0:00:08]} Qh1+ {[%emt 0:00:44]} (46... Qxb3 $2 47. Be3 $19) 47. Kf2 {[%emt 0:00:06]} Qg2+ {[%emt 0:00:08]} 48. Ke3 {[%emt 0:00:11]} Qf3+ {[%emt 0:00:25]} 49. Kd4 {[%emt 0:00:06]} Bxb3 {[%emt 0:00:27]} (49... Qxb3 {simplifies} 50. Qc3 Qxc3+ 51. Kxc3 Kg7) 50. Qc3 {[%emt 0:02:50]} Qd5+ {[%emt 0:03:20]} (50... Qb7 $6 51. Bc1 $17) 51. Ke3 {[%emt 0:00:04]} Bd1 {[%emt 0:01:28]} (51... Qe6+ {simplifies} 52. Qe5 Qc6 53. Qc7 Qxc7 54. Bxc7 f6) 52. Qf6 {[%emt 0:03:15]} Qb3+ {[%emt 0:02:57]} 53. Kf2 {[%emt 0:00:13]} Qa2+ {[%emt 0:01:59]} 54. Kf1 {[%emt 0:04:29]} (54. Kg1 $11 {keeps the balance.} Bf3 55. Bd2) 54... Bf3 {[%emt 0:06:22]} ({Black should try} 54... Qe2+ $1 $17 55. Kg1 Qe1+ 56. Kg2 Bb3) 55. Bd2 $15 {[%emt 0:00:17]} Qd5 {[%emt 0:01:41]} (55... Qc4+ {looks sharper.} 56. Kg1 Qc5+ 57. Kf1 Qd5) 56. Kf2 $2 {[%emt 0:02:44][%mdl 8192]} (56. Kg1 $15) 56... Qxd2+ $19 {[%emt 0:01:18]} ({Worse is} 56... Bh1 57. Bc3 Qg2+ 58. Ke1 Qxg3+ 59. Kd2 Qg2+ 60. Ke3 Qg3+ 61. Ke2 (61. Kd2 Qg2+ 62. Ke3 Qg1+ 63. Ke2 Qg2+ 64. Ke3 $11) 61... Qg2+ 62. Ke3 Qg1+ 63. Ke2 (63. Kd2 Qg2+ 64. Ke3 $11) 63... Qg2+ 64. Ke3 $11) 57. Kxf3 {[%emt 0:00:04] [#]} Qd5+ $1 {[%emt 0:00:34]} 58. Kf2 {[%emt 0:02:26] [#]} Qa2+ $2 {[%emt 0:01:42]} (58... Qf5+ $1 $19 59. Qxf5 gxf5) 59. Kf3 $17 {[%emt 0:01:33]} Qe6 {[%emt 0:00:54]} 60. Qd4 {[%emt 0:00:37]} Qf5+ {[%emt 0:01:25]} 61. Kg2 {[%emt 0:00:26]} Qg4 {[%emt 0:01:17]} 62. Qf6 {[%emt 0:01:05]} Qe2+ {[%emt 0:00:06]} 63. Kg1 {[%emt 0:00:05]} Qe6 {[%emt 0:00:07]} 64. Qf4 {[%emt 0:01:58]} Kg7 {[%emt 0:01:24]} 65. Kg2 {[%emt 0:00:21]} Qd5+ {[%emt 0:00:23]} 66. Kg1 {[%emt 0:00:43]} Qc5+ {[%emt 0:01:13]} 67. Kg2 {[%emt 0:00:20]} f6 {[%emt 0:00:40]} (67... Kf8 $17) 68. Qb8 $11 {[%emt 0:01:00]} Qd5+ {[%emt 0:00:39]} 69. Kh2 {[%emt 0:01:25]} Qd2+ {[%emt 0:01:21]} 70. Kh3 {[%emt 0:01:15]} Qd7+ {[%emt 0:00:10]} 71. Kg2 {[%emt 0:00:06]} Qe7 {[%emt 0:00:05]} 72. Qb2 {[%emt 0:00:29]} Qe4+ {[%emt 0:01:37]} 73. Kh2 {[%emt 0:00:06]} Qc6 {[%emt 0:01:52]} 74. Qe2 {[%emt 0:00:13]} Qd6 {[%emt 0:00:06]} 75. Qb2 {[%emt 0:00:06]} Kh6 {[%emt 0:03:29]} 76. Kg2 {[%emt 0:00:19]} Qd5+ {[%emt 0:01:56]} 77. Kf2 {[%emt 0:00:52]} Kg7 {[%emt 0:01:26]} 78. Qc3 {[%emt 0:00:43]} Qe5 {[%emt 0:00:29]} 79. Qc6 {[%emt 0:01:22]} Qe7 {[%emt 0:02:38]} 80. Qc3 {[%emt 0:00:13]} Qb7 {[%emt 0:00:14]} 81. Qd4 {[%emt 0:00:21]} Qc7 {[%emt 0:01:25]} 82. Kg2 {[%emt 0:00:07]} Qc2+ {[%emt 0:00:16]} 83. Kg1 {[%emt 0:00:06]} Qb1+ {[%emt 0:00:16]} 84. Kg2 {[%emt 0:00:07]} Qa2+ {[%emt 0:00:14]} 85. Kg1 {[%emt 0:00:07]} Qe6 {[%emt 0:00:27]} 86. Qa7+ {[%emt 0:00:26]} Kh6 {[%emt 0:00:12]} 87. Qb8 {[%emt 0:00:25]} Kg7 {[%emt 0:00:11]} 88. Qc7+ {[%emt 0:00:10]} Qf7 {[%emt 0:00:03]} 89. Qd8 {[%emt 0:00:33]} Qa7+ {[%emt 0:00:15]} 90. Kg2 {[%emt 0:00:07]} Qb7+ {[%emt 0:00:08]} 91. Kh2 {[%emt 0:00:53]} Qf7 {[%emt 0:01:35]} 92. Kg2 {[%emt 0:00:20]} Qf8 {[%emt 0:00:17]} 93. Qc7+ {[%emt 0:00:08]} Kh6 {[%emt 0:00:13]} 94. Qf4+ {[%emt 0:00:07]} Kh7 {[%emt 0:00:04]} 95. Qc7+ {[%emt 0:00:04]} Qg7 {[%emt 0:00:04]} 96. Qc2 {[%emt 0:01:01]} Qd7 {[%emt 0:00:23]} 97. Kh2 {[%emt 0:00:54]} Kg7 {[%emt 0:02:28]} 98. Qb2 {[%emt 0:00:05]} Qe7 {[%emt 0:00:17]} 99. Kg2 {[%emt 0:00:15]} Qe4+ {[%emt 0:00:36]} 100. Kh2 {[%emt 0:01:08]} Qf3 {[%emt 0:00:19]} 101. Qd2 {[%emt 0:00:15]} Qf5 {[%emt 0:00:22]} 102. Qb2 {[%emt 0:00:07]} Qd7 {[%emt 0:01:13]} 103. Qc3 {[%emt 0:00:07]} Qe7 {[%emt 0:00:08]} 104. Qb2 {[%emt 0:00:08]} Kh7 {[%emt 0:00:07]} 105. Qc2 {[%emt 0:00:07]} Kh6 {[%emt 0:00:36]} 106. Qc6 {[%emt 0:00:55]} Qe2+ {[%emt 0:03:00]} 107. Kh3 {[%emt 0:00:19]} Qf1+ {[%emt 0:00:07]} 108. Kh2 {[%emt 0:00:20]} Qf2+ {[%emt 0:00:32]} 109. Kh1 {[%emt 0:01:26]} g5 {[%emt 0:01:04]} (109... Qb2 $15) 110. Qd6 $11 {[%emt 0:02:53]} Kg6 {[%emt 0:00:26]} 111. hxg5 {[%emt 0:01:35]} Qf1+ {[%emt 0:00:28]} (111... Kxg5 112. Qd5+ Qf5 113. Qxf5+ Kxf5 114. Kg1) 112. Kh2 {[%emt 0:00:06]} Qe2+ {[%emt 0:00:03]} 113. Kh3 {[%emt 0:01:14]} Kxg5 {[%emt 0:00:54]} 114. Qd5+ {[%emt 0:00:08]} Kh6 {[%emt 0:00:07]} 115. Qg8 {[%emt 0:00:15]} Qf1+ {[%emt 0:00:35]} 116. Kh2 {[%emt 0:00:06]} Qf2+ {[%emt 0:00:05]} 117. Kh3 {[%emt 0:00:13]} Qf5+ {[%emt 0:00:12]} 118. Kg2 {[%emt 0:00:22]} Qg6 {[%emt 0:00:10]} 119. Qb8 {[%emt 0:00:16]} Qg7 {[%emt 0:00:51]} 120. Qf4+ {[%emt 0:00:12]} Qg5 {[%emt 0:00:04]} 121. Qb8 {[%emt 0:00:04]} Qd5+ {[%emt 0:00:08]} 122. Kh2 {[%emt 0:00:09]} Kg5 {[%emt 0:00:22]} 123. Qf4+ {[%emt 0:00:06]} Kg6 {[%emt 0:00:04]} 124. Qb8 {[%emt 0:00:05]} Qd2+ {[%emt 0:00:28]} 125. Kh3 {[%emt 0:00:05]} Qd7+ {[%emt 0:00:05]} 126. Kg2 {[%emt 0:00:07]} Qe6 {[%emt 0:00:08]} 127. Kh2 {[%emt 0:01:01]} Qf7 {[%emt 0:02:59]} 128. Kh3 {[%emt 0:00:07]} Kg7 {[%emt 0:00:06]} 129. Qc8 {[%emt 0:01:34]} Qe7 {[%emt 0:00:17]} 130. Qf5 {[%emt 0:01:23]} Kh6 {[%emt 0:00:41]} 131. Qf4+ {[%emt 0:01:52]} Kg6 {[%emt 0:00:05]} 132. Qb8 {[%emt 0:01:11]} Qe6+ {[%emt 0:01:45]} 133. Kg2 {[%emt 0:00:06]} f5 {[%emt 0:01:22]} 134. Qd8 {[%emt 0:00:28]} Qf6 {[%emt 0:00:37]} 135. Qxf6+ {[%emt 0:02:41]} Kxf6 {[%emt 0:00:06]} 136. Kf2 {[%emt 0:00:04]} Ke6 {[%emt 0:00:24]} 137. Ke2 {[%emt 0:00:05]} Kf6 {[%emt 0:00:30]} 138. Kf2 {[%emt 0:00:04]} Kg6 {[%emt 0:00:04]} 139. Kg2 {[%emt 0:00:06]} h4 {[%emt 0:00:39]} 140. gxh4 {[%emt 0:00:05]} Kh5 {[%emt 0:00:02]} 141. Kf3 {[%emt 0:00:05]} f4 {[%emt 0:00:03]} 142. Kxf4 {[%emt 0:00:04]} Kxh4 {[%emt 0:00:03]} 1/2-1/2

[Event "Tata Steel Tienkampen 2023"]
[Site "Wijk aan Zee"]
[Date "2023.01.24"]
[Round "5.3"]
[White "Pijpers, Arthur"]
[Black "Pham, Khoi"]
[Result "1-0"]
[WhiteElo "2445"]
[BlackElo "2353"]
[Annotator "TA"]
[PlyCount "47"]
[EventDate "2023.01.20"]
[EventType "swiss"]
[EventCountry "NED"]
[SourceTitle "playchess.com"]
[Source "ChessBase"]
[SourceQuality "1"]

{[%evp 11,47,3,25,0,0,0,0,-22,0,0,0,0,0,0,0,6,77,74,195,183,260,271,264,268,260,228,221,184,507,491,430,399,1349,1363,5314,273,5198,2261]} 1. e4 {[%emt 0:00:02]} c5 {[%emt 0:00:11]} 2. Nc3 {[%emt 0:00:03]} d6 {[%emt 0:00:08]} 3. Nge2 {[%emt 0:00:05]} Nf6 {[%emt 0:00:07]} 4. g3 {[%emt 0:00:04]} g6 {[%emt 0:00:23]} 5. d4 {[%emt 0:00:05]} cxd4 {[%emt 0:00:11]} 6. Nxd4 {[%emt 0:00:04]} Nc6 {[%emt 0:00:15] is now more promising than 6...Bg7.} 7. Nxc6 {[%emt 0:00:05] B70: Sicilian Dragon: 6 g3 and 6 Be2 (without a later Be3).} (7. Bg2 $5 {[%cal Rd4c6]}) 7... bxc6 {[%emt 0:00:04]} 8. e5 {[%emt 0:00:04]} dxe5 {[%emt 0:09:39]} 9. Qxd8+ {[%emt 0:00:05] The position is equal.} Kxd8 {[%emt 0:00:05]} 10. Bg2 {[%emt 0:00:03]} Kc7 {[%emt 0:09:00]} 11. O-O {[%emt 0:00:10] [#]} Be6 $146 {[%emt 0:05:40]} ({Predecessor:} 11... e6 12. Re1 Nd7 13. Nb5+ Kb6 14. a4 a5 15. Be3+ Bc5 16. Rad1 Bxe3 17. Rxe3 Nc5 {1-0 Sasikiran,K (2650)-Trost,E (2342) Fagernes op 2022 (4)}) 12. Re1 {[%emt 0:01:22]} Nd7 {[%emt 0:17:37]} 13. b4 {[%emt 0:00:06] aiming for b5.} Rb8 {[%emt 0:02:35] [#]} (13... Bg7 $11 {keeps the balance.}) 14. b5 $1 $16 {[%emt 0:05:11] White is more active.} cxb5 {[%emt 0:02:29] This costs Black the game.} (14... c5 $16 {might work better.}) 15. a4 $18 {[%emt 0:01:06]} a6 {[%emt 0:27:32]} (15... b4 $142) 16. axb5 {[%emt 0:07:39]} axb5 {[%emt 0:00:04]} 17. Ra7+ {[%emt 0:00:09]} Kc8 {[%emt 0:00:39]} 18. Bc6 {[%emt 0:44:56]} b4 {[%emt 0:05:41]} 19. Na4 {[%emt 0:00:07] [#] Rd1 would be deadly.} Nb6 $2 {[%emt 0:07:12]} (19... Bg7 {is a better chance.}) 20. Rxe5 {[%emt 0:04:59]} Bg7 {[%emt 0:00:45]} 21. Rb5 {[%emt 0:20:47] Bf4 would kill now.} Nc4 $2 {[%emt 0:03:46]} (21... Nxa4 22. Bf4) (21... Nd5 22. Rc5 (22. Rxd5 Bxd5 23. Bxd5 Rd8 $16) 22... Bd4 23. Bxd5+ {[%mdl 64] Discovered Attack} Bxc5 24. Bxe6+ fxe6 25. Nxc5 Rd8) 22. Bf4 {[%emt 0:01:00][%csl Gf4][%cal Rb5b8]} ({Less strong is} 22. Rxe7 Rxb5 23. Bxb5 Ne5 $16) 22... Nd6 {[%emt 0:01:00]} 23. Rxb8+ {[%emt 0:00:21]} ({Inferior is} 23. Rxe7 Nxb5 24. Bxb8 Nd4 $11) 23... Kxb8 {[%emt 0:00:04]} 24. Rxe7 {[%emt 0:00:05] Weighted Error Value: White=0.08 (flawless) /Black=0.59} 1-0